Alle Supermärkte & Discounter in Deutschland - Statistiken

Allgemein
  • Dieses Quiz wurde 123 mal gespielt
  • Das Durchschnittsergebnis liegt bei 14 aus 25
Antwortstatistiken
Bildquiz Antwort % Korrekt
Aldi Süd
99%
Kaufland
99%
Netto
99%
Edeka
95%
Lidl
95%
Penny
95%
Aldi Nord
94%
Rewe
94%
Norma
65%
Spar
62%
Hit
61%
Globus
59%
Nahkauf
58%
V-Markt
54%
Marktkauf
50%
Famila
39%
Netto
35%
Tegut
34%
Markant
32%
Combi
22%
Citti
12%
NP
10%
Nah & Gut
7%
K+K
6%
Diska
5%
Keine übereinstimmenden Quizze gefunden
Verteilung der Resultate
Anzahl Personen mit jedem Resultat
Perzentil nach korrekt beantworteten Fragen
Ihre Resultats-Entwicklung
Sie haben dieses Quiz noch nicht gespielt